Music Quiz

Random Music or Musical Quiz

Songs in The Blues Brothers Quiz Stats

 Plays Quiz not verified by Sporcle

Score 0/22 Timer 05:00
0 Plays Today
Scene Song % Correct
The reason why chicken wire is needed at Bob's Country BunkerTheme from Rawhide
81.3%
As Matt 'Guitar' Murphy decides to leave, his wife, the owner of a soul food joint, sings thisThink
78.4%
The song played in order to cover Jake & Elwood's late arrival at the Palace Hotel BallroomMinnie The Moocher
71.3%
The band end up in prison, and play this songJail House Rock
70.1%
Another song played at Bob's Country BunkerStand By Your Man
67%
The two brothers escape from the Police, which later turns into an enormous car chaseSweet Home Chicago
58.4%
The first song The Blues Brothers play at the Palace Hotel BallroomEverybody Needs Somebody To Love
56%
Opening scene, as Jake is reunited with Elwood and the new BluesmobileShe Caught The Katy
55.8%
The band goes to a music store in need of instruments and decide that the organ has seen better daysShake A Tail Feather
40.1%
The first song the Blues Brothers play in Bob's Country BunkerGimme Some Loving
39%
As Jake & Elwood drive to Elwood's apartment, this song playsPeter Gunn Theme
37.1%
Scene Song % Correct
Song playing as The Blues Brothers look for Matt 'Guitar' MurphyBoom Boom
34.1%
The Blues Brothers go to church and the preacher makes Jake 'see the light'The Old Landmark
28.7%
The song playing while driving through the shopping mallI Can't Turn You Loose
19.4%
The song playing while Jake and Elwood drive through the parking lotHold On! I'm Comin'
19.2%
'****!' 'What?' 'Rollers' 'No!' 'Yep' '****'Soothe Me
18.5%
The song playing as the Illinois Nazis set chase on the Blues BrothersRide of the Valkyries
18.3%
Jake falls asleep in Elwood's apartment, as train rattle pastLet the Good Times Roll
14.4%
The music in the elevator as The Blues Brothers take the elevator to the accessor's officeThe Girl from Ipanema
14.4%
The song the majority of the band were playing at a Holiday InnQuando, Quando, Quando
13.8%
The music playing in the background while Jake and Elwood talk to CurtisShake Your Money Maker
3.2%
Playing in the background at Mrs Tarantino's houseAnema e Core
1.3%

You're not logged in!

Compare scores with friends on all Sporcle quizzes.
OR
Log In

Show Comments

Extras

Top Quizzes Today


Score Distribution

Your Account Isn't Verified!

In order to create a playlist on Sporcle, you need to verify the email address you used during registration. Go to your Sporcle Settings to finish the process.

Report this User

Report this user for behavior that violates our Community Guidelines.

Details: